00744nam a2200193 a 450000100100000000500170001000800410002702000180006804000250008610000370011124501110014826000420025930000200030150400270032170000460034870000340039495201050042899900170053300004074620201002034341.0130830s2012 sp 000 0 spa d a9788469521205 aDO-SdBNPbspacBNPHU1 aVázquez Serrano, Carmen96687210aSustancias adictivas /cCarmen Vázquez Serrano, Francisca socorro López López, Camen Ríos Paredes. aMadrid :bGráficas Alhambra,c2012. a61 p. ;c22 cm. aBibliografía : p. 611 aLópez López, Francisca Socorro9668731 aRíos Paredes, Carmen966874 001050718MOaGRbGRcCTd2013-09-05iLF1l0o p40746-10r2020-06-25w2020-06-25y1ZNo se presta c40236d40236